|
|
|
|
| LEADER |
01684nam a2200421 i 4500 |
| 001 |
EBC2097620 |
| 003 |
MiAaPQ |
| 005 |
20200520144314.0 |
| 006 |
m o d | |
| 007 |
cr cnu|||||||| |
| 008 |
150803t20132013it ob 001 0 ita d |
| 020 |
|
|
|a 9788892154131
|q (electronic bk.)
|
| 020 |
|
|
|a 9788834847039
|q (electronic bk.)
|
| 035 |
|
|
|a (MiAaPQ)EBC2097620
|
| 035 |
|
|
|a (Au-PeEL)EBL2097620
|
| 035 |
|
|
|a (CaPaEBR)ebr11080143
|
| 035 |
|
|
|a (OCoLC)914433806
|
| 040 |
|
|
|a MiAaPQ
|b eng
|e rda
|e pn
|c MiAaPQ
|d MiAaPQ
|
| 050 |
|
4 |
|a HF5635
|b .B56 2013
|
| 082 |
0 |
|
|a 657
|2 23
|
| 100 |
1 |
|
|a Biondi, Lucia,
|e author.
|
| 245 |
1 |
2 |
|a L'universita in cambiamento :
|b Riflessioni in tema di contabilita e bilancio /
|c Lucia Biondi.
|
| 264 |
|
1 |
|a Torino, Italy :
|b G. Giappichelli Editore,
|c 2013.
|
| 264 |
|
4 |
|c 2013
|
| 300 |
|
|
|a 1 online resource (118 pages).
|
| 336 |
|
|
|a text
|2 rdacontent
|
| 337 |
|
|
|a computer
|2 rdamedia
|
| 338 |
|
|
|a online resource
|2 rdacarrier
|
| 490 |
1 |
|
|a Studi di Ragioneria e di Economia Aziendale; Collana diretta da G. Zanda. ;
|v 63
|
| 504 |
|
|
|a Includes bibliographical references and index.
|
| 588 |
|
|
|a Description based on online resource; title from PDF title page (ebrary, viewed July 30, 2015).
|
| 590 |
|
|
|a Electronic reproduction. Ann Arbor, MI : ProQuest, 2015. Available via World Wide Web. Access may be limited to ProQuest affiliated libraries.
|
| 650 |
|
0 |
|a Accounting.
|
| 650 |
|
0 |
|a Social accounting.
|
| 655 |
|
4 |
|a Electronic books.
|
| 797 |
2 |
|
|a ProQuest (Firm)
|
| 830 |
|
0 |
|a Studi di ragioneria e di economia aziendale ;
|v 63.
|
| 856 |
4 |
0 |
|u https://ebookcentral.proquest.com/lib/matrademy/detail.action?docID=2097620
|z Click to View
|